Normal view MARC view
  • DHAL, DEBI PRASAD

Entry Personal Name

Number of records used in: 1

001 - CONTROL NUMBER

  • control field: 6328

003 - CONTROL NUMBER IDENTIFIER

  • control field: OSt

005 - DATE AND TIME OF LATEST TRANSACTION

  • control field: 20201128104909.0

008 - FIXED-LENGTH DATA ELEMENTS

  • fixed length control field: 201128|| aca||aabn | a|a d

040 ## - CATALOGING SOURCE

  • Original cataloging agency: OSt
  • Transcribing agency: OSt

100 ## - HEADING--PERSONAL NAME

  • Personal name: DHAL, DEBI PRASAD

670 ## - SOURCE DATA FOUND

  • Source citation: Work cat.: (OSt): DHAL, DEBI PRASAD, INDIAN BAR REVIEW (2&3) [VOL-47] APRIL - SEPTEMBER] 2020 [A REFEREED JOURNAL]